00689cam a2200181 4500008004100000020001500041035001200056050002100068245009000089250001100179260005900190300002700249504002700276650004900303650006300352700002900415710006300444090302s1999 enk 000 0 eng u a1900039303 aa47956704aKG495 bJ83 199900aJudicial institutions in nineteenth-century Latin America / cEduardo Zimmermann, ed. a1a ed. aLondon : bInstitute of Latin American studies, c1999 avii, 123 p. ; c23 cm. aIncluye bibliografía 7aPoder judicial zAmérica Latina 2Librunam 7aAdministración de justicia zAmérica Latina 2Librunam1 aZimmermann, Eduardo, ed.2 aUniversity of London bInstitute of Latin American Studies